LEADER 01535nam 2200445 450 001 9910493682903321 010 $a3-8382-7225-0 035 $a(CKB)5120000000121311 035 $a(MiAaPQ)EBC5552992 035 $a(MiAaPQ)EBC5782764 035 $a(EXLCZ)995120000000121311 100 $a20190821d2018 uy 0 101 0 $aeng 135 $aurcnu|||||||| 181 $ctxt$2rdacontent 182 $cc$2rdamedia 183 $acr$2rdacarrier 200 00$aImagined geographies $ecentral European spatial narratives between 1984 and 2014 /$fMagdalena Baran-Szoltys, Monika Glosowitz, Aleksandra Konarzewska (editors) 210 1$aStuttgart, Germany :$cIbidem Verlag,$d[2018] 210 4$dİ2018 215 $a1 online resource (173 pages) $cillustrations 225 1 $aLiteratur und Kultur im mittleren und o?stlichen Europa ;$v17 300 $aIncludes index. 311 $a3-8382-1225-8 320 $aIncludes bibliographical references and index. 410 0$aLiteratur und Kultur im mittleren und o?stlichen Europa ;$v17. 606 $aEast European literature$xHistory and criticism 608 $aElectronic books. 615 0$aEast European literature$xHistory and criticism. 676 $a320.44049 702 $aBaran-Szo?tys$b Magdalena 702 $aGlosowitz$b Monika 702 $aKonarzewska$b Aleksandra 801 0$bMiAaPQ 801 1$bMiAaPQ 801 2$bMiAaPQ 906 $aBOOK 912 $a9910493682903321 996 $aImagined geographies$92446788 997 $aUNINA LEADER 02715nam 2200577 a 450 001 9910778214603321 005 20230420224008.0 010 $a1-84755-005-3 035 $a(CKB)1000000000791693 035 $a(EBL)1185085 035 $a(SSID)ssj0000379101 035 $a(PQKBManifestationID)11267004 035 $a(PQKBTitleCode)TC0000379101 035 $a(PQKBWorkID)10356999 035 $a(PQKB)10282475 035 $a(MiAaPQ)EBC1185085 035 $a(Au-PeEL)EBL1185085 035 $a(CaPaEBR)ebr10621240 035 $a(CaONFJC)MIL872193 035 $a(OCoLC)850157144 035 $a(PPN)198472242 035 $a(EXLCZ)991000000000791693 100 $a20060105d2003 uy 0 101 0 $aeng 135 $aur|n|---||||| 181 $ctxt 182 $cc 183 $acr 200 00$aAdditives in water-borne coatings$b[electronic resource] /$fedited by Gerry Davison and Bruce Lane, consultants 210 $aCambridge $cRoyal Society of Chemistry$dc2003 215 $a1 online resource (98 p.) 225 1 $aSpecial Publication 300 $aBased on papers presented at an international one-day conference held in Runcorn on 4th September 2002. 311 $a0-85404-613-5 320 $aIncludes bibliographical references and index. 327 $aBK9780854046133-FX001; BK9780854046133-FP001; BK9780854046133-FP005; BK9780854046133-FP007; BK9780854046133-00001; BK9780854046133-00007; BK9780854046133-00015; BK9780854046133-00023; BK9780854046133-00035; BK9780854046133-00046; BK9780854046133-00053; BK9780854046133-00061; BK9780854046133-00077; BK9780854046133-00085 330 $aAdditives in Water-borne Coatings covers both current technology and the future prognosis for the key additives used in water-borne coatings today. It brings together international expertise to provide a comprehensive, practical overview of the field, its direction, and selection of key additives currently employed for in-depth treatment of their use, behaviour and scope by expert practitioners in those additives. This timely publication includes two excellent plenary chapters reviewing the developments together with the regulatory and legislative scene in the overall field. It also contains s 410 0$aSpecial Publication 606 $aCoatings$xAdditives$vCongresses 615 0$aCoatings$xAdditives 676 $a667.9 701 $aDavison$b G$g(Gerry)$01580475 701 $aLane$b Bruce$f1945-$01580476 712 02$aRoyal Society of Chemistry (Great Britain) 801 0$bMiAaPQ 801 1$bMiAaPQ 801 2$bMiAaPQ 906 $aBOOK 912 $a9910778214603321 996 $aAdditives in water-borne coatings$93861408 997 $aUNINA LEADER 01369nam0 22003371i 450 001 UON00407323 005 20231205104724.733 010 $a08-19-14713-3$bpbk 100 $a20120322f1985 |0itac50 ba 101 $aeng 102 $aUS 105 $a|||| ||||| 200 1 $aCircus and culture$ea semiotic approach$fPaul Bouissac 210 $aLanham$aNew York ; London$cUniversity Press of America$dc1985 215 $axiii, 206 p.$cill.$d22 cm. 410 1$1001UON00407325$12001 $aSources in Semiotics$1210 $aLanham$aNew York ; London$cUniversity Press of America$vv. 3 606 $aCULTURA POPOLARE$xStudi$3UONC081541$2FI 606 $aSEMIOTICA$xStudi$3UONC081542$2FI 606 $aCIRCHI$xStudi$3UONC081543$2FI 620 $aUS$dNew York$3UONL000050 620 $aUS$dLanham (MD)$3UONL000130 620 $aGB$dLondon$3UONL003044 676 $a791.3$cSpettacoli pubblici. Circhi$v21 700 1$aBOUISSAC$bPaul$3UONV208625$0165102 712 $aUniversity Press of America$3UONV245875$4650 801 $aIT$bSOL$c20240220$gRICA 899 $aSIBA - SISTEMA BIBLIOTECARIO DI ATENEO$2UONSI 912 $aUON00407323 950 $aSIBA - SISTEMA BIBLIOTECARIO DI ATENEO$dSI Angl VII 0171 $eSI LO 35662 5 0171 996 $aCircus and culture$91345518 997 $aUNIOR